| 000 | 00519 a2200157 4500 | ||
|---|---|---|---|
| 020 | _a0137167229 | ||
| 040 |
_aDLC _bDLC |
||
| 100 | 1 | _aFriedberg, Solomon, | |
| 245 | 1 | 0 |
_aElementary linear algebra: a matrix approach _ba matrix approach _cStephen H. Friedberg, Arnold J. Insel, Lawrence E. Spence. |
| 260 |
_aUpper Saddle River, NJ : _bPrentice Hall, _c2000. |
||
| 300 |
_axiv, 477 p. : _bill. |
||
| 650 | 0 | _aAlgebras, Linear. | |
| 700 | 1 | _aInsel, Arnold J. | |
| 700 | 1 | _aSpence, Lawrence E. | |
| 942 |
_cBK _k512.5 SPE _2ddc |
||
| 999 |
_c7411 _d7411 |
||